[Event "Quebec-ch opB"]
[Site "Montreal"]
[Date "2010.07.25"]
[Round "2"]
[White "Lachance, Steve"]
[Black "Chiku Ratte, Olivier Kenta"]
[Result "0-1"]
[WhiteElo "2097"]
[BlackElo "1898"]
[PlyCount "56"]
[EventDate "2010.07.24"]
[EventType "swiss"]
[EventRounds "9"]
[EventCountry "CAN"]
[SourceTitle "EXT 2013"]
[Source "ChessBase"]
[SourceDate "2012.11.22"]
[SourceVersion "1"]
[SourceVersionDate "2012.11.22"]
[SourceQuality "1"]

1. d4 Nf6 2. Nf3 c5 3. c4 cxd4 4. Nxd4 g6 5. Nc3 Bg7 6. e4 d6 7. Be2 0-0 8. Be3 Nc6 9. 0-0 Bd7 10. Rb1 Rc8 11. f3 Na5 12. b3 a6 13. Qd2 Nc6 14. Rfd1 Ne5 15. Rbc1 Re8 16. Nd5 Nxd5 17. cxd5 Rxc1 18. Rxc1 Qb8 19. h3 f5 20. f4 Nf7 21. exf5 gxf5 22. Bd3 Nh6 23. Re1 b5 24. Rc1 Bxd4 25. Bxd4 Qb7 26. Qb2 Qxd5 27. Bh8 e5 28. fxe5 dxe5 0-1

[Event "Thetford Mines Groupe Commerce"]
[Site "Thetford Mines"]
[Date "1995.07.08"]
[Round "3"]
[White "Rousseau, Daniel"]
[Black "Lachance, Steve"]
[Result "1-0"]
[WhiteElo "1964"]
[BlackElo "2102"]
[PlyCount "101"]
[EventDate "1995.07.07"]
[EventType "swiss"]
[EventRounds "5"]
[EventCountry "CAN"]
[SourceTitle "EXT 2022"]
[Source "ChessBase"]
[SourceDate "2021.10.06"]
[SourceVersion "1"]
[SourceVersionDate "2021.10.06"]
[SourceQuality "1"]

1. d4 Nf6 2. Nf3 g6 3. Bf4 Bg7 4. e3 d5 5. Bd3 c5 6. c3 Qb6 7. Qb3 0-0 8. Nbd2 Nc6 9. 0-0 Qa5 10. Qd1 Bg4 11. Nb3 Qb6 12. dxc5 Qd8 13. Be2 Ne4 14. h3 Bc8 15. Qc2 e5 16. Bh2 Qe7 17. Rfd1 Be6 18. Bb5 f6 19. c4 Nb4 20. Qe2 Nxc5 21. Nxc5 Qxc5 22. Nd4 exd4 23. exd4 Qc8 24. Bd6 Nc6 25. Bxf8 Kxf8 26. Rac1 Qd7 27. Qf3 Rd8 28. Qa3+ Kg8 29. c5 Qf7 30. Qa4 Qc7 31. Rc3 Bc8 32. Ra3 a6 33. Bxc6 bxc6 34. Rb3 Re8 35. Rb6 Re6 36. Qa5 f5 37. Rxa6 Qf7 38. Ra7 Bb7 39. Qb6 Re7 40. a4 Bc8 41. Rxe7 Qxe7 42. Qxc6 Bb7 43. Qb5 Qc7 44. Qe8+ Bf8 45. Qe6+ Kg7 46. b4 Ba8 47. b5 Bxc5 48. dxc5 Qxc5 49. Qe5+ Kh6 50. Rd4 Qc1+ 51. Kh2 1-0

[Event "St Marie de Beauce op"]
[Site "St Marie de Beauce"]
[Date "1994.10.29"]
[Round "5"]
[White "Lachance, Steve"]
[Black "Hebert, Jean"]
[Result "1/2-1/2"]
[WhiteElo "1995"]
[BlackElo "2486"]
[PlyCount "113"]
[EventDate "1994.10.28"]
[EventType "swiss"]
[EventRounds "5"]
[EventCountry "CAN"]
[SourceTitle "EXT 2022"]
[Source "ChessBase"]
[SourceDate "2021.10.06"]
[SourceVersion "1"]
[SourceVersionDate "2021.10.06"]
[SourceQuality "1"]

1. e4 c5 2. Nf3 Nc6 3. d4 cxd4 4. Nxd4 e5 5. Nf5 d5 6. exd5 Bxf5 7. dxc6 Qxd1+ 8. Kxd1 0-0-0+ 9. Bd2 bxc6 10. Bc4 Bc5 11. Ke2 Nf6 12. Bg5 Rd7 13. Bxf6 gxf6 14. Nc3 Rg8 15. g3 Bxc2 16. Rac1 Bg6 17. Rhd1 Bh5+ 18. f3 Rxd1 19. Nxd1 Bd4 20. Bd5 c5 21. Ne3 Bg6 22. Be4 Kd7 23. Nf5 h5 24. b3 Bxf5 25. Bxf5+ Kd6 26. Kd3 Kd5 27. g4 hxg4 28. Bxg4 Bf2 29. Rc2 Bh4 30. Rg2 f5 31. Bh3 e4+ 32. Ke3 Rxg2 33. Bxg2 Bg5+ 34. f4 Bf6 35. h4 Bxh4 36. Bf1 Ke6 37. Bc4+ Kf6 38. Bb5 Ke7 39. Ba6 Bf6 40. Bc8 Bd4+ 41. Ke2 Kf6 42. Bd7 Bb2 43. Kf2 Ba3 44. Bc8 a5 45. Bd7 Kg6 46. Bc8 a4 47. Bd7 Bc1 48. Kg3 a3 49. Bc8 Bd2 50. Bd7 Kf6 51. Bc8 Bc1 52. Bd7 Bd2 53. Bc8 e3 54. Kf3 e2 55. Kxe2 Bxf4 56. Ba6 Ke5 57. b4 1/2-1/2

[Event "Quebec-ch Intercoll"]
[Site "Montreal"]
[Date "1991.03.31"]
[Round "5"]
[White "Lacombe, Stephane"]
[Black "Lachance, Steve"]
[Result "1/2-1/2"]
[WhiteElo "1589"]
[BlackElo "1535"]
[PlyCount "55"]
[EventDate "1991.03.29"]
[EventType "swiss"]
[EventRounds "6"]
[EventCountry "CAN"]
[SourceTitle "EXT 2022"]
[Source "ChessBase"]
[SourceDate "2021.10.06"]
[SourceVersion "1"]
[SourceVersionDate "2021.10.06"]
[SourceQuality "1"]

1. e4 c5 2. Nf3 d6 3. d4 cxd4 4. Nxd4 Nf6 5. Nc3 a6 6. Be2 e6 7. 0-0 Be7 8. Be3 Nc6 9. Qd2 0-0 10. f4 Qc7 11. a4 Bd7 12. Nf3 Ng4 13. Bd4 Nxd4 14. Nxd4 Nf6 15. Rae1 Rac8 16. f5 Qb6 17. Kh1 Qxb2 18. Rf3 Qb6 19. Rb1 Qc7 20. Rg3 exf5 21. exf5 Rfe8 22. Qh6 g6 23. fxg6 fxg6 24. Rf1 Bf8 25. Qg5 Bg7 26. Rxf6 Bxf6 27. Qxf6 Rf8 28. Rxg6+ 1/2-1/2